Economic development quarterly <the> journal of american economic revitalization

Saved in:
Bibliographic Details
Format: Serial
Language:English
Published: London SAGE Publ. 1999
Subjects:
Tags: Add Tag
No Tags, Be the first to tag this record!

MARC

LEADER 00000nas2a2200000 4500
001 s123948
005 20231103122529.5
022 |a 0891-2424 
041 0 |a eng 
044 |a US 
245 1 0 |a Economic development quarterly  |b <the> journal of american economic revitalization 
264 1 |a London  |b SAGE Publ.  |c 1999 
300 |a 1 zv. 
773 0 |w eu_un_cat*s120143 
610 2 0 |a hospodárstvo národné 
610 2 0 |a vývoj hospodársky 
610 2 0 |a výskum ekonomický